<?xml version="1.0" encoding="UTF-8"?>
<record
    xmlns:xsi="http://www.w3.org/2001/XMLSchema-instance"
    xsi:schemaLocation="http://www.loc.gov/MARC21/slim http://www.loc.gov/standards/marcxml/schema/MARC21slim.xsd"
    xmlns="http://www.loc.gov/MARC21/slim">

  <leader>00717nas a22001937i 4500</leader>
  <datafield tag="999" ind1=" " ind2=" ">
    <subfield code="c">8655</subfield>
    <subfield code="d">8655</subfield>
  </datafield>
  <controlfield tag="001">WIIW0000151</controlfield>
  <controlfield tag="003">OSt</controlfield>
  <controlfield tag="005">20181221140328.0</controlfield>
  <controlfield tag="008">161220c19259999gw ||||| |||| 00| 0 ger d</controlfield>
  <datafield tag="022" ind1=" " ind2=" ">
    <subfield code="a">0030-6428</subfield>
  </datafield>
  <datafield tag="040" ind1=" " ind2=" ">
    <subfield code="c">OSt</subfield>
  </datafield>
  <datafield tag="041" ind1=" " ind2=" ">
    <subfield code="a">ger</subfield>
  </datafield>
  <datafield tag="110" ind1="2" ind2=" ">
    <subfield code="a">Deutsche Gesellschaft f&#xFC;r Osteuropakunde e.V.</subfield>
  </datafield>
  <datafield tag="245" ind1="0" ind2="0">
    <subfield code="a">Osteuropa.</subfield>
    <subfield code="b">interdisziplin&#xE4;re Monatszeitschrift zur Analyse von Politik, Wirtschaft, Gesellschaft, Kultur und Zeitgeschichte in Osteuropa, Ostmitteleuropa und S&#xFC;dosteuropa</subfield>
  </datafield>
  <datafield tag="246" ind1="3" ind2=" ">
    <subfield code="a">Zeitschrift f&#xFC;r Gegenwartsfragen des Ostens</subfield>
  </datafield>
  <datafield tag="246" ind1="3" ind2=" ">
    <subfield code="a">Zeitschrift f&#xFC;r die gesamten Fragen des europ&#xE4;ischen Ostens</subfield>
  </datafield>
  <datafield tag="260" ind1=" " ind2=" ">
    <subfield code="a">Berlin :</subfield>
    <subfield code="b">Berliner Wissenschaftsverlag,</subfield>
    <subfield code="c">1925-</subfield>
  </datafield>
  <datafield tag="942" ind1=" " ind2=" ">
    <subfield code="c">J</subfield>
    <subfield code="2">z</subfield>
  </datafield>
  <datafield tag="952" ind1=" " ind2=" ">
    <subfield code="0">0</subfield>
    <subfield code="1">0</subfield>
    <subfield code="4">0</subfield>
    <subfield code="7">0</subfield>
    <subfield code="a">BIB</subfield>
    <subfield code="b">BIB</subfield>
    <subfield code="c">1</subfield>
    <subfield code="d">2018-12-21</subfield>
    <subfield code="h">5-6/2011</subfield>
    <subfield code="l">0</subfield>
    <subfield code="r">2018-12-21 00:00:00</subfield>
    <subfield code="w">2018-12-21</subfield>
    <subfield code="y">J</subfield>
  </datafield>
  <datafield tag="952" ind1=" " ind2=" ">
    <subfield code="0">0</subfield>
    <subfield code="1">0</subfield>
    <subfield code="4">0</subfield>
    <subfield code="7">0</subfield>
    <subfield code="a">BIB</subfield>
    <subfield code="b">BIB</subfield>
    <subfield code="c">1</subfield>
    <subfield code="d">2018-12-21</subfield>
    <subfield code="h">10/2010</subfield>
    <subfield code="l">0</subfield>
    <subfield code="r">2018-12-21 00:00:00</subfield>
    <subfield code="w">2018-12-21</subfield>
    <subfield code="y">J</subfield>
  </datafield>
  <datafield tag="952" ind1=" " ind2=" ">
    <subfield code="0">0</subfield>
    <subfield code="1">0</subfield>
    <subfield code="4">0</subfield>
    <subfield code="7">0</subfield>
    <subfield code="a">BIB</subfield>
    <subfield code="b">BIB</subfield>
    <subfield code="c">1</subfield>
    <subfield code="d">2018-12-21</subfield>
    <subfield code="h">6/2010</subfield>
    <subfield code="l">0</subfield>
    <subfield code="r">2018-12-21 00:00:00</subfield>
    <subfield code="w">2018-12-21</subfield>
    <subfield code="y">J</subfield>
  </datafield>
</record>
